Bonheur d'occasion /

Gabrielle Roy (1909-1983), nació en Saint Boniface (Manitoba, Canadá), donde se desempeñó como maestra rural, antes de viajar por Europa un largo tiempo e instalarse definitivamente en Quebec. Algunos de sus títulos son: Bonheur d'occasion; La route d'Altamont; Alexandre Chenevert; Le petite poule d...

Descrizione completa

Salvato in:
Dettagli Bibliografici
Autore principale: Roy, Gabrielle (autor)
Natura: Libro
Lingua:francese
Pubblicazione: Montreal, Canadá : Boréal, 1993, c1993
Edizione:Nueva ed.
Serie:(Boréal Compact ; 50)
Soggetti:
Tags: Aggiungi Tag
Nessun Tag, puoi essere il primo ad aggiungerne!!

MARC

LEADER 00000nam^a2200000^a^4500
001 000168715
005 20250521000000.0
009 20260310101211.841
020 |a 2-89052-575-9 
037 |a Acervo ITESO - Biblioteca 
041 |a FRA 
082 |a 819. 13  |b ROY 
100 |a Roy, Gabrielle  |e (autor) 
245 1 0 |a Bonheur d'occasion /  |c G. Roy. 
250 |a Nueva ed. 
264 4 |a Montreal, Canadá :  |b Boréal,  |c 1993, c1993 
300 |a 413 p. 
336 |a texto  |b txt  |2 rdacontenido 
337 |a sin mediación  |b n  |2 rdamedio 
338 |a volumen  |b nc  |2 rdasoporte 
440 1 |a (Boréal Compact ;  |v 50) 
520 |a Gabrielle Roy (1909-1983), nació en Saint Boniface (Manitoba, Canadá), donde se desempeñó como maestra rural, antes de viajar por Europa un largo tiempo e instalarse definitivamente en Quebec. Algunos de sus títulos son: Bonheur d'occasion; La route d'Altamont; Alexandre Chenevert; Le petite poule d'eau; Rue Deschambault; Ces enfants de ma vie. 
649 |a XX 
650 |a Novela Quebequense 
650 |a Novela Canadiense 
650 |a Literatura Quebequense -  |y Siglo XX 
650 |a Literatura Canadiense -  |y Siglo XX 
650 |a Literatura en Francés -  |z Quebec, Canadá 
650 |a Literatura en Francés -  |z Canadá 
650 |a Literatura de Mujeres -  |z Quebec, Canadá 
650 |a Literatura de Mujeres -  |z Canadá 
910 |a Fondo General 
920 |a Impresos - Libros 
930 |a Colección General 
940 |a Literatura 
905 |a 101 
901 |a 0500104881  |b IT1  |c LIT  |u 20250521 
902 |a https://opac.biblio.iteso.mx/vufind/Record/000168715